000 00375nam a2200145Ia 4500
008 230711s9999||||xx |||||||||||||| ||und||
041 _aENG
082 _a720
_bCA-A
100 _aCadd Center Traning Prt
245 0 _aArchitectural rendering reference
250 _a1st Ed.
260 _c2001
_aNew Delhi
_bCadd Center Traning Pvt Ltd
650 _aArchitecture
942 _cBK
999 _c8398
_d8398